[Event "Greek Team Championship"]
[Site "chess24.com"]
[Date "2017.07.08"]
[Round "7"]
[White "Vatkali, Dimitra"]
[Black "Amiridou, Dimitra"]
[Result "0-1"]
[Board "5"]
[WhiteElo "2017"]
[WhiteCountry "GRE"]
[WhiteFideId "4200705"]
[WhiteEloChange "-15"]
[BlackElo "1803"]
[BlackCountry "GRE"]
[BlackFideId "4218230"]
[BlackEloChange "15"]

1. e4 {[%clk 1:30:57]} Nf6 {[%clk 1:30:34]} 2. e5 {[%clk 1:30:52]} Nd5 {[%clk
1:30:58]} 3. d4 {[%clk 1:31:14]} d6 {[%clk 1:31:19]} 4. c4 {[%clk 1:31:38]} Nb6
{[%clk 1:31:25]} 5. exd6 {[%clk 1:32:03]} cxd6 {[%clk 1:31:48]} 6. Nc3 {[%clk
1:31:59]} g6 {[%clk 1:30:33]} 7. Be3 {[%clk 1:32:23]} Bg7 {[%clk 1:30:43]} 8. Rc1
{[%clk 1:32:42]} Nc6 {[%clk 1:21:38]} 9. Be2 {[%clk 1:18:27]} O-O {[%clk
1:19:28]} 10. b3 {[%clk 1:17:51]} e5 {[%clk 1:03:36]} 11. d5 {[%clk 1:12:46]} Ne7
{[%clk 1:02:59]} 12. Nf3 {[%clk 0:49:50]} f5 {[%clk 0:46:48]} 13. Bg5 {[%clk
0:32:53]} h6 {[%clk 0:44:59]} 14. Bxe7 {[%clk 0:33:18]} Qxe7 {[%clk 0:45:23]} 15.
O-O {[%clk 0:30:56]} a6 {[%clk 0:39:17]} 16. b4 {[%clk 0:30:44]} Nd7 {[%clk
0:30:58]} 17. Nd2 {[%clk 0:27:54]} e4 {[%clk 0:26:23]} 18. f4 {[%clk 0:26:21]}
exf3 {[%clk 0:24:32]} 19. Rxf3 {[%clk 0:23:54]} Re8 {[%clk 0:24:46]} 20. Kf1
{[%clk 0:16:29]} Ne5 {[%clk 0:15:22]} 21. Rf2 {[%clk 0:16:53]} Qh4 {[%clk
0:15:46]} 22. g3 {[%clk 0:10:54]} Qh3+ {[%clk 0:16:12]} 23. Kg1 {[%clk 0:10:50]}
g5 {[%clk 0:08:41]} 24. Qf1 {[%clk 0:05:20]} Qxf1+ {[%clk 0:07:38]} 25. Kxf1
{[%clk 0:04:08]} b6 {[%clk 0:06:02]} 26. Kg2 {[%clk 0:01:41]} Nf7 {[%clk
0:03:51]} 27. Nb3 {[%clk 0:01:46]} Re3 {[%clk 0:03:09]} 28. Rf3 {[%clk 0:00:58]}
Re7 {[%clk 0:02:19]} 29. Rf2 {[%clk 0:01:11]} Bb7 {[%clk 0:02:08]} 30. a4 {[%clk
0:00:50]} Rae8 {[%clk 0:02:18]} 31. Bh5 {[%clk 0:00:52]} Re3 {[%clk 0:01:54]} 32.
Bxf7+ {[%clk 0:01:18]} Kxf7 {[%clk 0:02:16]} 33. Rxf5+ {[%clk 0:01:46]} Kg6
{[%clk 0:02:41]} 34. Rf3 {[%clk 0:02:12]} g4 {[%clk 0:02:56]} 35. Rf4 {[%clk
0:00:51]} h5 {[%clk 0:02:13]} 36. c5 {[%clk 0:00:55]} Bxc3 {[%clk 0:02:07]} 37.
c6 {[%clk 0:01:07]} Bc8 {[%clk 0:02:11]} 38. b5 {[%clk 0:00:40]} Be5 {[%clk
0:02:11]} 39. Nd4 {[%clk 0:00:49]} Bxf4 {[%clk 0:01:19]} 40. gxf4 {[%clk
0:31:14]} axb5 {[%clk 0:31:39]} 41. Nxb5 {[%clk 0:26:40]} Re2+ {[%clk 0:14:15]}
42. Kg1 {[%clk 0:25:57]} Re1+ {[%clk 0:14:23]} 43. Rxe1 {[%clk 0:26:23]} Rxe1+
{[%clk 0:14:49]} 44. Kf2 {[%clk 0:26:49]} Rd1 {[%clk 0:15:07]} 45. Nxd6 {[%clk
0:27:01]} Ba6 {[%clk 0:14:49]} 46. f5+ {[%clk 0:25:07]} Kg5 {[%clk 0:14:12]} 47.
Ne4+ {[%clk 0:21:18]} Kf4 {[%clk 0:11:48]} 48. Nc3 {[%clk 0:10:34]} Rf1+ {[%clk
0:10:33]} 49. Kg2 {[%clk 0:10:52]} h4 {[%clk 0:10:55]} 50. h3 {[%clk 0:10:41]}
gxh3+ {[%clk 0:09:40]} 51. Kxh3 {[%clk 0:07:47]} Rf3+ {[%clk 0:10:03]} 52. Kxh4
{[%clk 0:08:15]} Rxc3 {[%clk 0:10:26]} 53. f6 {[%clk 0:08:24]} Ke5 {[%clk
0:10:19]} 0-1

[Event "Greek Team Championship"]
[Site "chess24.com"]
[Date "2017.07.08"]
[Round "7"]
[White "Tsolaki, Eleni"]
[Black "Lagogianni, Niki Vasiliki"]
[Result "1-0"]
[Board "6"]
[WhiteElo "1766"]
[WhiteCountry "GRE"]
[WhiteFideId "4218892"]
[WhiteEloChange "2"]
[BlackElo "1106"]
[BlackCountry "GRE"]
[BlackFideId "25804359"]
[BlackEloChange "-2"]

1. e4 {[%clk 1:30:56]} c6 {[%clk 1:29:50]} 2. d4 {[%clk 1:31:18]} d5 {[%clk
1:29:52]} 3. Nc3 {[%clk 1:31:34]} dxe4 {[%clk 1:30:15]} 4. Nxe4 {[%clk 1:32:02]}
Bf5 {[%clk 1:30:31]} 5. Ng3 {[%clk 1:32:25]} Bg6 {[%clk 1:30:38]} 6. h4 {[%clk
1:32:44]} h6 {[%clk 1:30:50]} 7. Nf3 {[%clk 1:33:08]} Nd7 {[%clk 1:30:35]} 8. h5
{[%clk 1:32:59]} Bh7 {[%clk 1:30:43]} 9. Bd3 {[%clk 1:33:11]} Bxd3 {[%clk
1:30:57]} 10. Qxd3 {[%clk 1:33:39]} Ngf6 {[%clk 1:29:42]} 11. Bd2 {[%clk
1:33:35]} e6 {[%clk 1:29:47]} 12. Ne4 {[%clk 1:27:32]} Nxe4 {[%clk 1:22:23]} 13.
Qxe4 {[%clk 1:28:00]} Nf6 {[%clk 1:22:41]} 14. Qe2 {[%clk 1:27:52]} Bd6 {[%clk
1:18:57]} 15. O-O-O {[%clk 1:27:15]} Qb6 {[%clk 1:14:36]} 16. c4 {[%clk 1:25:34]}
Qa6 {[%clk 1:05:25]} 17. Kb1 {[%clk 1:23:43]} Nd5 {[%clk 0:49:03]} 18. Qf1 {[%clk
1:17:10]} Nf6 {[%clk 0:48:48]} 19. Ne5 {[%clk 1:07:40]} Bxe5 {[%clk 0:44:20]} 20.
dxe5 {[%clk 1:07:45]} Nd7 {[%clk 0:43:30]} 21. Bc3 {[%clk 1:05:12]} O-O-O {[%clk
0:42:38]} 22. Rh4 {[%clk 0:56:49]} Nb6 {[%clk 0:37:23]} 23. Rxd8+ {[%clk
0:54:44]} Rxd8 {[%clk 0:36:16]} 24. b3 {[%clk 0:49:49]} Nd5 {[%clk 0:34:24]} 25.
Bd2 {[%clk 0:44:25]} Ne7 {[%clk 0:33:15]} 26. Qe1 {[%clk 0:39:06]} b6 {[%clk
0:32:54]} 27. Rf4 {[%clk 0:37:06]} Rf8 {[%clk 0:32:31]} 28. Qe4 {[%clk 0:31:02]}
g6 {[%clk 0:30:52]} 29. hxg6 {[%clk 0:30:49]} Nxg6 {[%clk 0:31:05]} 30. Qxc6+
{[%clk 0:31:12]} Kb8 {[%clk 0:30:31]} 31. Bb4 {[%clk 0:25:15]} Qb7 {[%clk
0:28:57]} 32. Bd6+ {[%clk 0:24:30]} Ka8 {[%clk 0:28:53]} 33. Qxb7+ {[%clk
0:24:31]} Kxb7 {[%clk 0:29:16]} 34. Rf6 {[%clk 0:24:05]} Rg8 {[%clk 0:28:41]} 35.
Rxf7+ {[%clk 0:24:25]} Ka8 {[%clk 0:28:45]} 36. Rf6 {[%clk 0:23:53]} Nxe5 {[%clk
0:27:12]} 37. Bxe5 {[%clk 0:23:59]} Rxg2 {[%clk 0:27:35]} 38. f4 {[%clk 0:24:01]}
h5 {[%clk 0:26:45]} 39. Rxe6 {[%clk 0:23:58]} Rf2 {[%clk 0:26:40]} 40. Rh6 {[%clk
0:54:19]} Rf1+ {[%clk 0:56:16]} 41. Kb2 {[%clk 0:54:44]} Rh1 {[%clk 0:56:26]} 42.
f5 {[%clk 0:55:00]} Kb7 {[%clk 0:56:07]} 43. f6 {[%clk 0:55:23]} Ka6 {[%clk
0:56:22]} 44. f7 {[%clk 0:55:40]} Rf1 {[%clk 0:56:44]} 45. Rf6 {[%clk 0:56:06]}
1-0

[Event "Greek Team Championship"]
[Site "chess24.com"]
[Date "2017.07.08"]
[Round "7"]
[White "Tzartzi, Petroula"]
[Black "Galani, Dimitra"]
[Result "0-1"]
[Board "7"]
[WhiteElo "1243"]
[WhiteCountry "GRE"]
[WhiteFideId "25811169"]
[WhiteEloChange "-4"]
[BlackElo "1501"]
[BlackCountry "GRE"]
[BlackFideId "4283368"]
[BlackEloChange "4"]

1. e4 {[%clk 1:30:57]} Nf6 {[%clk 1:30:48]} 2. e5 {[%clk 1:31:02]} Nd5 {[%clk
1:31:12]} 3. c4 {[%clk 1:30:48]} Nb6 {[%clk 1:31:12]} 4. d4 {[%clk 1:30:05]} d6
{[%clk 1:31:38]} 5. Nf3 {[%clk 1:24:58]} Bg4 {[%clk 1:31:07]} 6. exd6 {[%clk
1:21:16]} exd6 {[%clk 1:31:20]} 7. Bd3 {[%clk 1:14:17]} Nc6 {[%clk 1:29:24]} 8.
Be3 {[%clk 1:10:05]} g6 {[%clk 1:21:24]} 9. h3 {[%clk 0:52:50]} Bxf3 {[%clk
1:21:10]} 10. Qxf3 {[%clk 0:52:18]} Bg7 {[%clk 1:21:31]} 11. O-O {[%clk 0:43:55]}
O-O {[%clk 1:18:05]} 12. Qf4 {[%clk 0:39:37]} Nb4 {[%clk 1:17:42]} 13. Be4 {[%clk
0:28:54]} Nxc4 {[%clk 1:16:33]} 14. a3 {[%clk 0:26:46]} Nc6 {[%clk 1:16:03]} 15.
Bxc6 {[%clk 0:25:33]} bxc6 {[%clk 1:16:16]} 16. b4 {[%clk 0:22:21]} c5 {[%clk
1:06:53]} 17. Ra2 {[%clk 0:18:41]} cxb4 {[%clk 1:05:27]} 18. axb4 {[%clk
0:17:22]} Qb8 {[%clk 0:52:10]} 19. d5 {[%clk 0:10:52]} Nxe3 {[%clk 0:50:27]} 20.
Qxe3 {[%clk 0:09:34]} Re8 {[%clk 0:50:18]} 21. Qb3 {[%clk 0:06:59]} Re4 {[%clk
0:27:48]} 22. b5 {[%clk 0:04:06]} a5 {[%clk 0:22:51]} 23. Nd2 {[%clk 0:01:21]}
Rb4 {[%clk 0:23:09]} 24. Qd3 {[%clk 0:01:12]} Qxb5 {[%clk 0:22:58]} 25. Qxb5
{[%clk 0:01:05]} Rxb5 {[%clk 0:23:26]} 26. Rc1 {[%clk 0:01:20]} Ra7 {[%clk
0:24:00]} 27. Nf3 {[%clk 0:00:50]} Rxd5 {[%clk 0:24:14]} 28. Rc4 {[%clk 0:00:38]}
Rb5 {[%clk 0:23:44]} 29. Nd4 {[%clk 0:00:40]} Bxd4 {[%clk 0:22:31]} 30. Rxd4
{[%clk 0:01:02]} Rb1+ {[%clk 0:22:32]} 31. Kh2 {[%clk 0:01:18]} Kf8 {[%clk
0:20:39]} 32. Rd5 {[%clk 0:01:12]} a4 {[%clk 0:20:50]} 33. Ra3 {[%clk 0:00:55]}
Rb3 {[%clk 0:20:36]} 34. Ra2 {[%clk 0:00:33]} a3 {[%clk 0:20:56]} 35. Rdd2 {[%clk
0:00:50]} Ke7 {[%clk 0:21:18]} 36. Re2+ {[%clk 0:00:49]} Kd7 {[%clk 0:21:41]} 37.
Rec2 {[%clk 0:01:02]} c5 {[%clk 0:22:07]} 38. f3 {[%clk 0:00:45]} d5 {[%clk
0:22:22]} 39. Rxc5 {[%clk 0:30:54]} Kd6 {[%clk 0:52:04]} 40. Rcc2 {[%clk
0:30:59]} d4 {[%clk 0:52:20]} 41. Kg3 {[%clk 0:30:45]} d3 {[%clk 0:52:24]} 42.
Rd2 {[%clk 0:31:17]} Ke5 {[%clk 0:51:59]} 43. Kf2 {[%clk 0:31:13]} Kd4 {[%clk
0:52:22]} 44. h4 {[%clk 0:30:43]} Rab7 {[%clk 0:52:12]} 45. g4 {[%clk 0:29:22]}
Rb2 {[%clk 0:52:04]} 46. g5 {[%clk 0:29:28]} Rxa2 {[%clk 0:52:21]} 47. Rxa2
{[%clk 0:29:49]} Rb2+ {[%clk 0:52:48]} 48. Rxb2 {[%clk 0:29:53]} axb2 {[%clk
0:53:16]} 0-1

[Event "Greek Team Championship"]
[Site "chess24.com"]
[Date "2017.07.08"]
[Round "7"]
[White "Paterakis, Emmanouil"]
[Black "Papakonstantinou, Dimitrios"]
[Result "0-1"]
[Board "8"]
[WhiteElo "1857"]
[WhiteCountry "GRE"]
[WhiteFideId "4259718"]
[WhiteEloChange "-6"]
[BlackElo "2002"]
[BlackCountry "GRE"]
[BlackFideId "4250990"]
[BlackEloChange "6"]

1. e4 {[%clk 1:30:53]} c6 {[%clk 1:29:56]} 2. d4 {[%clk 1:27:12]} d5 {[%clk
1:30:22]} 3. exd5 {[%clk 1:24:39]} cxd5 {[%clk 1:30:48]} 4. Bd3 {[%clk 1:24:55]}
Nc6 {[%clk 1:31:14]} 5. c3 {[%clk 1:25:17]} g6 {[%clk 1:31:41]} 6. Ne2 {[%clk
1:23:07]} Nh6 {[%clk 1:32:05]} 7. Ng3 {[%clk 1:18:52]} Bg4 {[%clk 1:21:09]} 8.
Qb3 {[%clk 1:15:07]} Qd7 {[%clk 1:19:00]} 9. O-O {[%clk 1:13:20]} Bf5 {[%clk
1:19:16]} 10. Qc2 {[%clk 1:05:43]} e6 {[%clk 1:01:20]} 11. Bf4 {[%clk 1:01:46]}
Rc8 {[%clk 0:45:33]} 12. Qd2 {[%clk 1:00:15]} Bxd3 {[%clk 0:44:24]} 13. Qxd3
{[%clk 1:00:38]} Bg7 {[%clk 0:44:15]} 14. Nd2 {[%clk 0:58:39]} O-O {[%clk
0:44:12]} 15. Rfe1 {[%clk 0:46:57]} Rfe8 {[%clk 0:43:54]} 16. Qe3 {[%clk
0:44:08]} Ng4 {[%clk 0:43:38]} 17. Qf3 {[%clk 0:44:31]} e5 {[%clk 0:43:00]} 18.
dxe5 {[%clk 0:39:46]} Ncxe5 {[%clk 0:42:16]} 19. Bxe5 {[%clk 0:38:13]} Nxe5
{[%clk 0:42:42]} 20. Qd1 {[%clk 0:38:33]} d4 {[%clk 0:25:54]} 21. Nde4 {[%clk
0:24:56]} dxc3 {[%clk 0:25:45]} 22. Nxc3 {[%clk 0:25:11]} Qxd1 {[%clk 0:25:59]}
23. Raxd1 {[%clk 0:25:28]} Nc4 {[%clk 0:26:12]} 24. Rxe8+ {[%clk 0:25:50]} Rxe8
{[%clk 0:26:40]} 25. Na4 {[%clk 0:24:02]} Nxb2 {[%clk 0:24:09]} 26. Nxb2 {[%clk
0:23:57]} Bxb2 {[%clk 0:24:33]} 27. Rd7 {[%clk 0:20:59]} Re1+ {[%clk 0:24:56]}
28. Nf1 {[%clk 0:21:25]} Ba3 {[%clk 0:22:57]} 29. Rxb7 {[%clk 0:20:24]} Bc5
{[%clk 0:22:52]} 30. Rb2 {[%clk 0:20:39]} Rc1 {[%clk 0:18:02]} 31. g3 {[%clk
0:20:45]} a5 {[%clk 0:17:27]} 32. Kg2 {[%clk 0:20:24]} a4 {[%clk 0:17:43]} 33.
Nd2 {[%clk 0:19:04]} a3 {[%clk 0:15:32]} 34. Rb8+ {[%clk 0:19:19]} Bf8 {[%clk
0:15:56]} 35. Kf3 {[%clk 0:14:32]} Rc2 {[%clk 0:15:23]} 36. Ke3 {[%clk 0:14:52]}
Kg7 {[%clk 0:14:32]} 37. Ra8 {[%clk 0:14:56]} Rxa2 {[%clk 0:14:49]} 38. Kd3
{[%clk 0:15:11]} Rb2 {[%clk 0:14:23]} 0-1

[Event "Greek Team Championship"]
[Site "chess24.com"]
[Date "2017.07.08"]
[Round "7"]
[White "Karagiannis, Emmanouil"]
[Black "Triantafilidis, Mihail"]
[Result "0-1"]
[Board "9"]
[WhiteElo "1338"]
[WhiteCountry "GRE"]
[WhiteFideId "4292197"]
[WhiteEloChange "-2"]
[BlackElo "1900"]
[BlackCountry "GRE"]
[BlackFideId "4282930"]
[BlackEloChange "2"]

1. e4 {[%clk 1:30:56]} Nf6 {[%clk 1:30:48]} 2. Nc3 {[%clk 1:31:16]} d5 {[%clk
1:31:13]} 3. exd5 {[%clk 1:30:51]} Nxd5 {[%clk 1:31:38]} 4. Bc4 {[%clk 1:30:50]}
Nb6 {[%clk 1:30:57]} 5. Bb3 Nc6 {[%clk 1:30:57]} 6. Nge2 Bf5 {[%clk 1:30:57]} 7.
d3 e6 {[%clk 1:30:57]} 8. O-O Be7 {[%clk 1:30:57]} 9. Ng3 Bg6 {[%clk 1:30:57]}
10. Be3 h5 {[%clk 1:30:57]} 11. Nge4 Nd4 {[%clk 1:30:57]} 12. Ne2 c5 {[%clk
1:30:57]} 13. Nxd4 cxd4 {[%clk 1:30:57]} 14. Bf4 Rc8 {[%clk 1:30:57]} 15. Qf3 a5
{[%clk 1:30:57]} 16. a4 h4 {[%clk 1:30:57]} 17. Qg4 Rc6 {[%clk 1:30:57]} 18. Rae1
Kf8 {[%clk 1:30:57]} 19. Ng5 Bf5 {[%clk 1:30:57]} 20. Qf3 Bxg5 {[%clk 1:30:57]}
21. Bxg5 Qxg5 {[%clk 1:30:57]} 22. Re5 Qg4 {[%clk 1:30:57]} 23. Qxg4 Bxg4 {[%clk
1:30:57]} 24. h3 Rh5 {[%clk 1:30:57]} 25. Rfe1 Rxe5 {[%clk 1:30:57]} 26. Rxe5 Bd1
{[%clk 1:30:57]} 27. Rxa5 Bxc2 {[%clk 1:30:57]} 28. Bxc2 Rxc2 {[%clk 1:30:57]}
29. Rb5 Nxa4 {[%clk 1:30:57]} 30. Rxb7 Nxb2 {[%clk 1:30:57]} 31. Rb4 e5 {[%clk
1:30:57]} 32. Rb3 e4 {[%clk 1:30:57]} 33. Rb4 exd3 {[%clk 1:30:57]} 34. Rxd4 d2
{[%clk 1:30:57]} 0-1

[Event "Greek Team Championship"]
[Site "chess24.com"]
[Date "2017.07.08"]
[Round "7"]
[White "Kalogridis, Antonios"]
[Black "Gavriil, Odysseas-Panagiotis"]
[Result "0-1"]
[Board "10"]
[WhiteElo "1492"]
[WhiteCountry "GRE"]
[WhiteFideId "25833901"]
[WhiteEloChange "-5"]
[BlackElo "1679"]
[BlackCountry "GRE"]
[BlackFideId "4298012"]
[BlackEloChange "5"]

1. d4 {[%clk 1:30:58]} g6 {[%clk 1:30:54]} 2. c4 {[%clk 1:31:17]} Bg7 {[%clk
1:31:17]} 3. e4 {[%clk 1:31:33]} d6 {[%clk 1:30:21]} 4. Nc3 {[%clk 1:31:51]} e5
{[%clk 1:28:22]} 5. d5 {[%clk 1:31:13]} Nd7 {[%clk 1:28:14]} 6. f3 {[%clk
1:31:13]} a5 {[%clk 1:27:51]} 7. Be3 {[%clk 1:31:29]} Ne7 {[%clk 1:25:22]} 8. Qd2
{[%clk 1:31:36]} h6 {[%clk 1:23:16]} 9. O-O-O {[%clk 1:31:34]} Nc5 {[%clk
1:15:49]} 10. Nge2 {[%clk 1:30:38]} Bd7 {[%clk 1:11:29]} 11. g4 {[%clk 1:30:20]}
Qb8 {[%clk 1:09:28]} 12. Ng3 {[%clk 1:30:07]} Qa7 {[%clk 1:09:30]} 13. Nb5 {[%clk
1:25:35]} Qb6 {[%clk 1:03:08]} 14. Kb1 {[%clk 1:22:17]} f5 {[%clk 0:59:49]} 15.
gxf5 {[%clk 1:22:23]} gxf5 {[%clk 0:59:48]} 16. Nh5 {[%clk 1:21:55]} Rh7 {[%clk
0:52:18]} 17. Rg1 {[%clk 1:21:39]} Bh8 {[%clk 0:51:18]} 18. exf5 {[%clk 1:11:01]}
Bxf5+ {[%clk 0:48:45]} 19. Bd3 {[%clk 1:10:53]} O-O-O {[%clk 0:41:50]} 20. Bxf5+
{[%clk 1:08:46]} Nxf5 {[%clk 0:42:05]} 21. Qc2 {[%clk 1:09:02]} Rf7 {[%clk
0:31:10]} 22. Bf2 {[%clk 1:09:10]} Rdf8 {[%clk 0:27:22]} 23. Rg4 {[%clk 1:07:23]}
Ne7 {[%clk 0:24:51]} 24. Bh4 {[%clk 1:07:44]} Nf5 {[%clk 0:24:21]} 25. Bf2 {[%clk
1:07:26]} Ng7 {[%clk 0:17:47]} 26. Nxg7 {[%clk 1:07:40]} Bxg7 {[%clk 0:17:35]}
27. Rdg1 {[%clk 1:07:55]} Bh8 {[%clk 0:16:40]} 28. f4 {[%clk 1:07:04]} e4 {[%clk
0:14:40]} 29. Bxc5 {[%clk 1:02:29]} Qxc5 {[%clk 0:14:58]} 30. Qxe4 {[%clk
1:02:29]} Rxf4 {[%clk 0:12:00]} 31. Qe6+ {[%clk 1:02:46]} Kb8 {[%clk 0:12:16]}
32. Re1 {[%clk 1:02:43]} Rf1 {[%clk 0:09:18]} 33. Re4 {[%clk 1:01:24]} Rxe1+
{[%clk 0:09:15]} 34. Rxe1 {[%clk 1:01:46]} Be5 {[%clk 0:06:48]} 35. Qe7 {[%clk
1:01:58]} Rc8 {[%clk 0:07:00]} 36. Rxe5 {[%clk 1:02:14]} Qxc4 {[%clk 0:06:30]}
37. Nxd6 {[%clk 1:01:51]} Qd3+ {[%clk 0:06:22]} 0-1

[Event "Greek Team Championship"]
[Site "chess24.com"]
[Date "2017.07.08"]
[Round "7"]
[White "Parligras, Mircea-Emilian"]
[Black "Nikolaidis, Konstantinos"]
[Result "1-0"]
[Board "1"]
[WhiteElo "2612"]
[WhiteTitle "GM"]
[WhiteCountry "ROU"]
[WhiteFideId "1204297"]
[WhiteEloChange "1"]
[BlackElo "2229"]
[BlackTitle "FM"]
[BlackCountry "GRE"]
[BlackFideId "4200578"]
[BlackEloChange "-2"]

1. d4 {[%clk 1:30:57]} Nf6 {[%clk 1:30:43]} 2. c4 {[%clk 1:31:23]} e6 {[%clk
1:30:46]} 3. Nf3 {[%clk 1:31:47]} b6 {[%clk 1:29:39]} 4. Bf4 {[%clk 1:31:55]} Bb7
{[%clk 1:29:31]} 5. e3 {[%clk 1:32:19]} Bb4+ {[%clk 1:29:28]} 6. Nfd2 {[%clk
1:32:38]} O-O {[%clk 1:28:46]} 7. a3 {[%clk 1:32:04]} Bxd2+ {[%clk 1:21:28]} 8.
Nxd2 {[%clk 1:28:07]} d6 {[%clk 1:21:01]} 9. Bd3 {[%clk 1:27:03]} e5 {[%clk
1:15:40]} 10. Bg5 {[%clk 1:25:57]} exd4 {[%clk 1:01:25]} 11. exd4 {[%clk
1:25:05]} Bxg2 {[%clk 0:54:15]} 12. Rg1 {[%clk 1:24:59]} Re8+ {[%clk 0:54:11]}
13. Be3 {[%clk 1:25:23]} Bb7 {[%clk 0:50:37]} 14. Qc2 {[%clk 1:25:30]} d5 {[%clk
0:46:23]} 15. O-O-O {[%clk 1:24:55]} dxc4 {[%clk 0:40:49]} 16. Bxc4 {[%clk
1:00:20]} Qd6 {[%clk 0:29:18]} 17. Bh6 {[%clk 0:59:25]} Nh5 {[%clk 0:28:01]} 18.
Qf5 {[%clk 0:59:06]} 1-0

[Event "Greek Team Championship"]
[Site "chess24.com"]
[Date "2017.07.08"]
[Round "7"]
[White "Loukopoulos, Panagiotis-Athanasi"]
[Black "Galopoulos, Nikolaos"]
[Result "0-1"]
[Board "2"]
[WhiteElo "1902"]
[WhiteCountry "GRE"]
[WhiteFideId "4293835"]
[WhiteEloChange "-2"]
[BlackElo "2369"]
[BlackCountry "GRE"]
[BlackFideId "4208951"]
[BlackEloChange "2"]

1. e4 {[%clk 1:30:56]} d6 {[%clk 1:29:32]} 2. d4 {[%clk 1:31:21]} Nf6 {[%clk
1:29:44]} 3. Nc3 {[%clk 1:31:44]} Nbd7 {[%clk 1:30:02]} 4. f4 {[%clk 1:29:22]} e5
{[%clk 1:30:26]} 5. dxe5 {[%clk 1:27:07]} dxe5 {[%clk 1:30:43]} 6. fxe5 {[%clk
1:26:31]} Nxe5 {[%clk 1:30:28]} 7. Qxd8+ {[%clk 1:26:38]} Kxd8 {[%clk 1:30:51]}
8. Bf4 {[%clk 1:26:58]} Bd6 {[%clk 1:30:24]} 9. O-O-O {[%clk 1:27:06]} Bd7 {[%clk
1:30:49]} 10. Nf3 {[%clk 1:25:06]} Nd3+ {[%clk 1:26:31]} 11. Bxd3 {[%clk
1:22:42]} Bxf4+ {[%clk 1:26:59]} 12. Kb1 {[%clk 1:22:58]} Ng4 {[%clk 1:27:13]}
13. Nd5 {[%clk 1:21:14]} Bd6 {[%clk 1:27:18]} 14. Rd2 {[%clk 1:09:43]} c6 {[%clk
1:21:58]} 15. Nc3 {[%clk 1:08:30]} Bf4 {[%clk 1:22:23]} 16. Re2 {[%clk 1:08:49]}
f6 {[%clk 1:22:35]} 17. h3 {[%clk 1:01:57]} Ne5 {[%clk 1:21:35]} 18. Nxe5 {[%clk
1:02:01]} Bxe5 {[%clk 1:22:04]} 19. Nd1 {[%clk 1:02:23]} Kc7 {[%clk 1:22:27]} 20.
Ne3 {[%clk 1:02:48]} Rae8 {[%clk 1:19:11]} 21. Rf1 {[%clk 0:49:43]} b5 {[%clk
1:15:58]} 22. Ng4 {[%clk 0:46:39]} h5 {[%clk 1:15:45]} 23. Nxe5 {[%clk 0:36:38]}
Rxe5 {[%clk 1:16:13]} 24. h4 {[%clk 0:34:32]} Rhe8 {[%clk 1:15:50]} 25. Rd2
{[%clk 0:33:12]} c5 {[%clk 1:12:44]} 26. c3 {[%clk 0:33:21]} Bc6 {[%clk 1:12:00]}
27. Rfd1 {[%clk 0:31:56]} R8e7 {[%clk 1:12:28]} 28. g3 {[%clk 0:32:15]} Bxe4
{[%clk 1:12:51]} 29. Bxe4 {[%clk 0:32:40]} Rxe4 {[%clk 1:13:15]} 30. Rd5 {[%clk
0:33:06]} R4e5 {[%clk 1:13:41]} 31. Rd8 {[%clk 0:31:17]} Re1 {[%clk 1:14:05]} 32.
Kc2 {[%clk 0:31:04]} Rxd1 {[%clk 1:14:20]} 33. Rxd1 {[%clk 0:31:29]} Kc6 {[%clk
1:14:45]} 34. Rd3 {[%clk 0:30:43]} Re2+ {[%clk 1:15:08]} 35. Kc1 {[%clk 0:30:58]}
Rg2 {[%clk 1:15:30]} 36. a3 {[%clk 0:30:38]} c4 {[%clk 1:14:58]} 37. Rf3 {[%clk
0:30:50]} Kb6 {[%clk 1:15:12]} 38. a4 {[%clk 0:30:12]} bxa4 {[%clk 1:14:44]} 39.
Kb1 {[%clk 0:30:35]} a3 {[%clk 1:15:01]} 40. bxa3 {[%clk 1:01:00]} Kb5 {[%clk
1:45:28]} 0-1

[Event "Greek Team Championship"]
[Site "chess24.com"]
[Date "2017.07.08"]
[Round "7"]
[White "Kesidis, Odyseas"]
[Black "Giannoutsos, Panagiotis"]
[Result "1-0"]
[Board "3"]
[WhiteElo "2202"]
[WhiteCountry "GRE"]
[WhiteFideId "4221796"]
[WhiteEloChange "2"]
[BlackElo "1717"]
[BlackCountry "GRE"]
[BlackFideId "4213718"]
[BlackEloChange "-2"]

1. e4 {[%clk 1:30:57]} e5 {[%clk 1:30:52]} 2. Nf3 {[%clk 1:31:22]} Nc6 {[%clk
1:31:11]} 3. Bb5 {[%clk 1:31:48]} a6 {[%clk 1:31:31]} 4. Ba4 {[%clk 1:32:13]} Nf6
{[%clk 1:31:29]} 5. O-O {[%clk 1:32:37]} Be7 {[%clk 1:31:40]} 6. Re1 {[%clk
1:33:02]} b5 {[%clk 1:32:06]} 7. Bb3 {[%clk 1:33:29]} d6 {[%clk 1:31:52]} 8. c3
{[%clk 1:33:54]} O-O {[%clk 1:32:04]} 9. h3 {[%clk 1:34:21]} Na5 {[%clk 1:32:09]}
10. Bc2 {[%clk 1:34:45]} c5 {[%clk 1:32:29]} 11. d4 {[%clk 1:35:12]} Qc7 {[%clk
1:32:17]} 12. Nbd2 {[%clk 1:35:38]} Nc6 {[%clk 1:29:55]} 13. d5 {[%clk 1:35:59]}
Nd8 {[%clk 1:30:20]} 14. a4 {[%clk 1:36:14]} b4 {[%clk 1:26:46]} 15. a5 {[%clk
1:34:41]} Ne8 {[%clk 1:24:36]} 16. Nc4 {[%clk 1:34:36]} f6 {[%clk 1:22:51]} 17.
Bd3 {[%clk 1:34:17]} Nf7 {[%clk 1:18:28]} 18. cxb4 {[%clk 1:34:22]} cxb4 {[%clk
1:18:28]} 19. Be3 {[%clk 1:34:46]} Qb7 {[%clk 1:13:52]} 20. Nb6 {[%clk 1:34:45]}
Rb8 {[%clk 1:13:16]} 21. Ra4 {[%clk 1:35:09]} g6 {[%clk 1:03:54]} 22. Rxb4 {[%clk
1:34:31]} f5 {[%clk 1:03:21]} 23. Nxc8 {[%clk 1:34:26]} Qxc8 {[%clk 1:01:15]} 24.
Rxb8 {[%clk 1:34:51]} Qxb8 {[%clk 1:01:40]} 25. exf5 {[%clk 1:35:17]} gxf5 {[%clk
1:01:30]} 26. Bxf5 {[%clk 1:35:17]} Qxb2 {[%clk 1:00:36]} 27. Qd3 {[%clk
1:35:36]} Nf6 {[%clk 0:57:33]} 28. Rb1 {[%clk 1:27:25]} Qa2 {[%clk 0:55:34]} 29.
Rb7 {[%clk 1:27:38]} Re8 {[%clk 0:39:26]} 30. Ng5 {[%clk 1:15:23]} Nxg5 {[%clk
0:26:49]} 31. Bxg5 {[%clk 1:15:10]} Qxa5 {[%clk 0:09:52]} 32. Be6+ {[%clk
1:14:49]} Kg7 {[%clk 0:09:38]} 33. Bxf6+ {[%clk 1:15:05]} Kxf6 {[%clk 0:09:55]}
34. Qf5+ {[%clk 1:15:32]} Kg7 {[%clk 0:09:51]} 35. Qg5+ {[%clk 1:15:52]} Kh8
{[%clk 0:08:53]} 36. Rxe7 {[%clk 1:16:13]} Rxe7 {[%clk 0:08:17]} 37. Qg8# {[%clk
1:16:38]} 1-0